[Event "Verona Primavera op-A 1st"]
[Site "Verona"]
[Date "2021.05.09"]
[Round "5"]
[White "Maione, Melissa"]
[Black "Candian, Lorenzo"]
[Result "0-1"]
[WhiteElo "1944"]
[BlackElo "1957"]
[PlyCount "52"]
[EventDate "2021.05.07"]
[EventType "swiss"]
[EventRounds "5"]
[EventCountry "ITA"]
[SourceTitle "EXT 2022"]
[Source "ChessBase"]
[SourceDate "2021.10.06"]
[SourceVersion "1"]
[SourceVersionDate "2021.10.06"]
[SourceQuality "1"]

1. e4 c5 2. Nf3 d6 3. d4 cxd4 4. Nxd4 Nf6 5. Nc3 a6 6. Bg5 Nbd7 7. Qe2 Qc7 8. 0-0-0 h6 9. Bh4 b5 10. a3 Bb7 11. f4 e5 12. Nf3 Be7 13. f5 Rc8 14. Kb1 Qa5 15. Be1 Qc7 16. Bh4 Qa5 17. Be1 Qb6 18. Bf2 Qc6 19. Re1 Bd8 20. Qd1 Ba5 21. Re3 Ng4 22. Re2 Bxc3 23. bxc3 Qxc3 24. Qxd6 Bxe4 25. Nd4 Nxf2 26. f6 gxf6 0-1

[Event "Imola op 3rd"]
[Site "Imola"]
[Date "2020.12.05"]
[Round "1"]
[White "Candian, Lorenzo"]
[Black "Carlo, Emanuele"]
[Result "0-1"]
[WhiteElo "1937"]
[BlackElo "2288"]
[PlyCount "76"]
[EventDate "2020.12.05"]
[EventType "swiss"]
[EventRounds "6"]
[EventCountry "ITA"]
[SourceTitle "CBM 199 Extra"]
[Source "ChessBase"]
[SourceDate "2021.01.31"]
[SourceVersion "1"]
[SourceVersionDate "2021.01.31"]
[SourceQuality "1"]

1. e4 e5 2. Nf3 Nc6 3. Bb5 a6 4. Ba4 Nf6 5. 0-0 b5 6. Bb3 Bc5 7. a4 Rb8 8. c3 d6 9. axb5 axb5 10. d4 Bb6 11. Qd3 0-0 12. Bg5 h6 13. Bh4 Bb7 14. Nbd2 Ne7 15. Bxf6 gxf6 16. Qxb5 f5 17. Qd3 exd4 18. exf5 Nd5 19. cxd4 Qf6 20. Rfe1 Nf4 21. Qe3 Qxf5 22. Bc2 Nh3+ 23. gxh3 Qxc2 24. Qxh6 Qg6+ 25. Qxg6+ fxg6 26. Ra3 Rf4 27. Rc3 Rbf8 28. Ree3 Ba5 29. Kg2 Rxd4 30. Kg3 Bxc3 31. bxc3 Rdf4 32. h4 Bd5 33. h3 c6 34. Rd3 Kg7 35. Re3 Kh6 36. Re2 Rxf3+ 37. Nxf3 Rxf3+ 38. Kh2 Rxc3 0-1

[Event "Bassano del Grappa op 11"]
[Site "Bassano del Grappa"]
[Date "2020.11.27"]
[Round "1"]
[White "Unuk, Laura"]
[Black "Candian, Lorenzo"]
[Result "1-0"]
[WhiteElo "2346"]
[BlackElo "1937"]
[PlyCount "75"]
[EventDate "2020.11.27"]
[EventType "swiss"]
[EventRounds "5"]
[EventCountry "ITA"]
[SourceTitle "CBM 199 Extra"]
[Source "ChessBase"]
[SourceDate "2021.01.31"]
[SourceVersion "1"]
[SourceVersionDate "2021.01.31"]
[SourceQuality "1"]

1. d4 d5 2. c4 e6 3. Nf3 Nf6 4. g3 Be7 5. Bg2 0-0 6. 0-0 Nbd7 7. Qc2 c6 8. Bf4 Ne4 9. Nc3 Nxc3 10. Qxc3 b6 11. Rfd1 Ba6 12. b3 Rc8 13. Rac1 Ba3 14. Rc2 Qe7 15. c5 e5 16. Nxe5 Bb5 17. Bh3 f5 18. Nxd7 Qxd7 19. b4 Ba4 20. Rdd2 Bxc2 21. Rxc2 bxc5 22. bxc5 Bxc5 23. Qxc5 Rf7 24. Bg2 Rff8 25. Rb2 h6 26. h4 Rfe8 27. e3 Kh8 28. Bf1 Re7 29. a4 Qe8 30. a5 Rd8 31. a6 Kg8 32. Rb7 Rf7 33. Qxa7 Rdd7 34. Qb6 Qe6 35. a7 Rxb7 36. a8Q+ Kh7 37. Qaxb7 Rxb7 38. Qxb7 1-0